[Event "Bavaria Donaucup 2017"]
[Site "Regensburg"]
[Date "2017.05.27"]
[Round "6.5"]
[White "Disterheft, David"]
[Black "Uphoff, Lennart"]
[Result "1/2-1/2"]
[WhiteElo "1972"]
[BlackElo "2004"]
[PlyCount "85"]
[EventDate "2017.??.??"]
[WhiteTeam "SC Bav Regensburg"]
[BlackTeam "FC Mintraching"]

1. e4 c6 2. d3 d5 3. Nd2 e5 4. Ngf3 Bd6 5. g3 Nf6 6. Bg2 O-O 7. O-O Re8 8. Re1
Nbd7 9. c3 dxe4 10. dxe4 a5 11. Nc4 Bc7 12. a4 Qe7 13. Bg5 h6 14. Bxf6 Nxf6 15.
Qc2 Qc5 16. Ne3 Be6 17. Red1 Red8 18. Ne1 Rxd1 19. Rxd1 Qb6 20. c4 Nd7 21. Nd3
Nc5 22. Nxc5 Qxc5 23. Bf3 Rd8 24. Rxd8+ Bxd8 25. Bg4 Bg5 26. Bxe6 Bxe3 27.
Bxf7+ Kxf7 28. fxe3 Qxe3+ 29. Qf2+ Qxf2+ 30. Kxf2 b6 31. Ke3 Ke6 32. Kd3 Kd6
33. Kd2 Kc5 34. Kc3 h5 35. h3 g5 36. g4 h4 37. b3 b5 38. cxb5 cxb5 39. axb5
Kxb5 40. Kc2 Kb4 41. Kb2 a4 42. bxa4 Kxa4 43. Kc3 1/2-1/2

[Event "Bavaria Donaucup 2017"]
[Site "Regensburg"]
[Date "2017.05.27"]
[Round "6.6"]
[White "Fuchs, Stefan"]
[Black "Tassell, Pierre"]
[Result "1/2-1/2"]
[WhiteElo "1913"]
[BlackElo "2049"]
[PlyCount "43"]
[EventDate "2017.??.??"]
[WhiteTeam "SC Bav Regensburg"]
[BlackTeam "SC Bav Regensburg"]

1. d4 Nf6 2. c4 e6 3. Nc3 Bb4 4. Qc2 O-O 5. a3 Bxc3+ 6. Qxc3 d5 7. Bg5 dxc4 8.
Qxc4 b6 9. Rc1 Ba6 10. Qa4 Qd7 11. Qxd7 Nbxd7 12. Bxf6 Nxf6 13. Nf3 c5 14. dxc5
bxc5 15. e3 Bxf1 16. Rxf1 Rab8 17. Rc2 Rfd8 18. Ke2 Kf8 19. Rd1 Rd5 20. h3 Ne4
21. Rdc1 Ke7 22. Re1 1/2-1/2

[Event "Bavaria Donaucup 2017"]
[Site "Regensburg"]
[Date "2017.05.27"]
[Round "6.7"]
[White "Kanewski, Josef"]
[Black "Luetkemeyer, Arnd"]
[Result "1/2-1/2"]
[WhiteElo "2034"]
[BlackElo "1844"]
[PlyCount "60"]
[EventDate "2017.??.??"]
[WhiteTeam "SC Bav Regensburg"]
[BlackTeam "MSA Zugzwang"]

1. d4 Nf6 2. Nf3 b5 3. g3 Bb7 4. Bg2 e6 5. O-O c5 6. e3 Be7 7. b3 O-O 8. Bb2 d5
9. c4 dxc4 10. bxc4 b4 11. Nbd2 Qc7 12. a3 Na6 13. Ne5 Bxg2 14. Kxg2 cxd4 15.
exd4 bxa3 16. Bxa3 Bxa3 17. Rxa3 Nb4 18. Qb3 Nc6 19. Nxc6 Qxc6+ 20. Qf3 Qd6 21.
Qc3 Rfd8 22. Nf3 h6 23. Rfa1 Ne4 24. Qe3 Ng5 25. Rxa7 Rxa7 26. Rxa7 Qc6 27. d5
exd5 28. Nxg5 hxg5 29. Qf3 Qf6 30. cxd5 Qxf3+ 1/2-1/2

[Event "Bavaria Donaucup 2017"]
[Site "Regensburg"]
[Date "2017.05.27"]
[Round "6.8"]
[White "Kangas, Lauri"]
[Black "Noeckler, Alexander"]
[Result "1-0"]
[WhiteElo "1999"]
[BlackElo "1854"]
[PlyCount "174"]
[EventDate "2017.??.??"]
[WhiteTeam "Pässi"]
[BlackTeam "SK Weiden"]

1. d4 d5 2. c4 e6 3. Nc3 Nf6 4. Bg5 Be7 5. e3 Nbd7 6. Qc2 c6 7. cxd5 exd5 8.
Bd3 O-O 9. Nge2 Re8 10. O-O h6 11. Bh4 Ne4 12. Bxe7 Qxe7 13. Bxe4 dxe4 14. Ng3
Nf6 15. Rac1 b6 16. Qa4 Bb7 17. Rfd1 a5 18. a3 Qe6 19. Nce2 Nd5 20. Rc2 f5 21.
Qb3 a4 22. Qc4 Rec8 23. Nc3 Ba6 24. Qa2 Bd3 25. Rcc1 g6 26. Nge2 b5 27. Nxd5
Bc4 28. Ndf4 Bxa2 29. Nxe6 Bxe6 30. Rc5 Kf7 31. h4 Bc4 32. Nc3 Ke6 33. Rc1 Ra6
34. Nxb5 Bd5 35. R1c2 Rb6 36. Nc3 Bb3 37. Rd2 Ra6 38. Kh2 Rb8 39. Ne2 Rd8 40.
Nf4+ Kf6 41. Ne2 Rb8 42. Nc3 Ke6 43. g4 Kf6 44. h5 Be6 45. hxg6 fxg4 46. Nxe4+
Kxg6 47. Ng3 Rab6 48. Nh5 Bf5 49. Nf4+ Kf6 50. Kg3 Be4 51. Nd3 Bxd3 52. Rxd3
Rxb2 53. Rxc6+ Kg7 54. d5 Rf8 55. Rc4 h5 56. Rf4 Rxf4 57. exf4 Rb3 58. Re3 Kf6
59. Kh4 Kf5 60. d6 Rb1 61. Kg3 Rd1 62. Re5+ Kg6 63. Re6+ Kg7 64. f5 Rd3+ 65.
Re3 Rxd6 66. Kh4 Rd2 67. Kxh5 Rxf2 68. Kxg4 Rg2+ 69. Kf4 Rf2+ 70. Ke5 Rb2 71.
Re4 Rb5+ 72. Kf4 Ra5 73. Rc4 Ra7 74. Kg5 Kf7 75. Rh4 Ra5 76. Rh7+ Kg8 77. Rb7
Ra8 78. Kg6 Kh8 79. Rh7+ Kg8 80. f6 Ra6 81. Rh4 Ra7 82. Rd4 Ra8 83. Rd6 Kf8 84.
Rd7 Kg8 85. Re7 Rc8 86. Rg7+ Kh8 87. Rh7+ Kg8 1-0

[Event "Bavaria Donaucup 2017"]
[Site "Regensburg"]
[Date "2017.05.27"]
[Round "6.9"]
[White "Bruell, Elias"]
[Black "Paajala, Niki"]
[Result "0-1"]
[WhiteElo "1690"]
[BlackElo "1946"]
[PlyCount "54"]
[EventDate "2017.??.??"]
[WhiteTeam "SC Bav. Regensburg"]
[BlackTeam "Pässi"]

1. e4 e5 2. Nf3 Nc6 3. Bb5 g6 4. O-O Bg7 5. c3 a6 6. Ba4 b5 7. Bc2 d6 8. h3
Nge7 9. d4 O-O 10. Be3 exd4 11. cxd4 d5 12. Nc3 dxe4 13. Bxe4 Bf5 14. Qd2 Bxe4
15. Nxe4 Nf5 16. Rfd1 Nxe3 17. fxe3 Qe7 18. Nc3 Rad8 19. Rac1 Bh6 20. Re1 Rfe8
21. Kf2 Qf6 22. d5 Na5 23. b3 Nb7 24. Qc2 Nd6 25. Rcd1 Nf5 26. e4 Qb6+ 27. Nd4
Nxd4 0-1

[Event "Bavaria Donaucup 2017"]
[Site "Regensburg"]
[Date "2017.05.27"]
[Round "6.10"]
[White "Vlaar, Shannon"]
[Black "Riedl, Maximilian"]
[Result "1/2-1/2"]
[WhiteElo "1835"]
[BlackElo "1945"]
[PlyCount "155"]
[EventDate "2017.??.??"]
[BlackTeam "SC Furth Waldm."]

1. e4 c5 2. Nf3 Nf6 3. e5 Nd5 4. c4 Nc7 5. Nc3 e6 6. d3 d5 7. exd6 Bxd6 8. Ne4
Be7 9. Be3 b6 10. Ne5 O-O 11. Qh5 f6 12. Nf3 Bd7 13. g4 Qe8 14. Qh3 Nc6 15. Qg3
e5 16. O-O-O Kh8 17. h4 Ne6 18. Nc3 Ncd4 19. Bxd4 cxd4 20. Nd5 Bc6 21. g5 Bxd5
22. cxd5 Rc8+ 23. Kb1 Nc7 24. Bh3 Rd8 25. Nxd4 Rxd5 26. Nf5 g6 27. gxf6 Bxf6
28. Ne3 Rc5 29. Rc1 Qe7 30. Bg2 Rd8 31. Be4 Qf7 32. Rxc5 bxc5 33. h5 g5 34. Qf3
Rf8 35. Ng4 Nb5 36. Rc1 Nd4 37. Qxf6+ Qxf6 38. Nxf6 Rxf6 39. Rxc5 Rxf2 40. a3
Rf1+ 41. Ka2 Ra1+ 42. Kxa1 Nb3+ 43. Kb1 Nxc5 44. Bf5 Nb3 45. Bg4 Nd4 46. Kc1 h6
47. Kd2 Kg7 48. Ke3 Kf6 49. Ke4 Nc2 50. Bd1 Nd4 51. Bg4 Ne6 52. Kd5 Nf4+ 53.
Ke4 Ke7 54. d4 exd4 55. Kxd4 Kd6 56. b4 Nd5 57. b5 Nf6 58. Bd1 g4 59. a4 g3 60.
Ke3 Kc5 61. Kf3 Nxh5 62. Kg2 Nf4+ 63. Kxg3 Nd5 64. Kh4 Nf6 65. Bc2 Kb4 66. Bd1
Nd5 67. Kh5 Nc3 68. Bc2 Nxa4 69. Kxh6 Nc3 70. Kg5 Nxb5 71. Kf4 Nd4 72. Bb1 Kb3
73. Ke3 Kc3 74. Bg6 a5 75. Be8 Nb3 76. Ke4 Kc4 77. Ke3 Nd4 78. Kd2 1/2-1/2

[Event "Bavaria Donaucup 2017"]
[Site "Regensburg"]
[Date "2017.05.27"]
[Round "6.11"]
[White "Burkhardt, Holger"]
[Black "Haselbeck, Franz"]
[Result "1/2-1/2"]
[WhiteElo "2015"]
[BlackElo "1895"]
[PlyCount "77"]
[EventDate "2017.??.??"]
[WhiteTeam "SK Gießen"]
[BlackTeam "SV Deggendorf"]

1. d4 f5 2. Nf3 Nf6 3. Bf4 e6 4. e3 d5 5. c4 c6 6. Nc3 Be7 7. h3 O-O 8. Qc2 Ne4
9. Bd3 Nd7 10. cxd5 exd5 11. O-O-O Qa5 12. Bxe4 fxe4 13. Nd2 Nf6 14. f3 Bf5 15.
Bg5 Bg6 16. f4 Bb4 17. Bxf6 Rxf6 18. a3 Bd6 19. Qb3 Qc7 20. Ndxe4 Re6 21. Nxd6
Qxd6 22. Rhe1 Rae8 23. Kd2 Kh8 24. Re2 Qe7 25. Rde1 b5 26. Nd1 a5 27. Nf2 a4
28. Qc3 Rb8 29. g4 b4 30. Qc5 Qxc5 31. dxc5 Be4 32. axb4 Rxb4 33. Nd3 Rb3 34.
Ne5 Rxb2+ 35. Kc3 Rb3+ 36. Kd4 Rb4+ 37. Kc3 Rb3+ 38. Kd4 Rb4+ 39. Kc3 1/2-1/2

[Event "Bavaria Donaucup 2017"]
[Site "Regensburg"]
[Date "2017.05.27"]
[Round "6.12"]
[White "Dechant, Georg"]
[Black "Jobst, Thomas"]
[Result "1/2-1/2"]
[WhiteElo "1933"]
[BlackElo "1756"]
[PlyCount "61"]
[EventDate "2017.??.??"]
[WhiteTeam "SC Bav Regensburg"]
[BlackTeam "vereinlos"]

1. e4 c6 2. d4 d5 3. e5 Bf5 4. Nf3 e6 5. Be2 Ne7 6. O-O Bg6 7. c4 Nf5 8. Be3
dxc4 9. Bxc4 Nd7 10. Nbd2 Nb6 11. Bd3 Be7 12. Rc1 O-O 13. Qe2 Rc8 14. Ne4 Bh5
15. Ng3 Nxg3 16. hxg3 Bg6 17. Bxg6 hxg6 18. Kh2 Kh7 19. Rh1 Rh8 20. Kg1+ Kg8
21. Rxh8+ Kxh8 22. Kh2 Qd5 23. a3 Kh7 24. Bg5 f6 25. Be3 Rh8 26. Qc2 Kg8+ 27.
Kg1 Kf7 28. Nh4 f5 29. Nf3 Qd8 30. Qd2 Rh5 31. Kf1 1/2-1/2

[Event "Bavaria Donaucup 2017"]
[Site "Regensburg"]
[Date "2017.05.27"]
[Round "6.13"]
[White "Krupke, Sven"]
[Black "Liess, Alexander"]
[Result "1/2-1/2"]
[WhiteElo "1903"]
[BlackElo "1811"]
[PlyCount "68"]
[EventDate "2017.??.??"]
[WhiteTeam "SF Rosenheim"]
[BlackTeam "SC Bav Regensburg"]

1. d4 Nf6 2. Nf3 g6 3. e3 Bg7 4. Bd3 c5 5. c3 d6 6. e4 O-O 7. O-O Bg4 8. Nbd2
Nc6 9. h3 Bxf3 10. Nxf3 cxd4 11. cxd4 Nd7 12. Be3 Nb6 13. a3 d5 14. e5 Nc4 15.
Qe2 Nxe3 16. Qxe3 e6 17. Rac1 Qb6 18. b4 Rfc8 19. Rc2 a6 20. Rfc1 Re8 21. Rc5
Bf8 22. Qf4 Bxc5 23. bxc5 Qd8 24. Qh6 f5 25. exf6 Qxf6 26. Rb1 Re7 27. Qe3 Rae8
28. Rb6 Ra8 29. h4 h5 30. Ne5 Nxe5 31. dxe5 Qg7 32. Qg5 Kf7 33. Qf4+ Kg8 34.
Qg5 Kf7 1/2-1/2

[Event "Bavaria Donaucup 2017"]
[Site "Regensburg"]
[Date "2017.05.27"]
[Round "6.14"]
[White "Brunner, Tobias"]
[Black "Warnk, Torsten"]
[Result "1/2-1/2"]
[WhiteElo "1920"]
[BlackElo "1909"]
[PlyCount "20"]
[EventDate "2017.??.??"]
[WhiteTeam "TSV Nittenau"]
[BlackTeam "SG Bensheim"]

1. e4 e6 2. d4 d5 3. exd5 exd5 4. Bd3 Bd6 5. Nf3 Nf6 6. O-O O-O 7. Bg5 Bg4 8.
Nbd2 h6 9. Bh4 Nbd7 10. c3 c6 1/2-1/2

[Event "Bavaria Donaucup 2017"]
[Site "Regensburg"]
[Date "2017.05.27"]
[Round "6.15"]
[White "Ganchev, Rostislav"]
[Black "Brack, Johannes"]
[Result "0-1"]
[WhiteElo "1261"]
[BlackElo "1889"]
[PlyCount "42"]
[EventDate "2017.??.??"]
[WhiteTeam "SC Bav Regensburg"]
[BlackTeam "Regensburg RT"]

1. e4 {[%emt 0:00:00]} g6 2. d4 Bg7 3. Nf3 d6 4. Be3 Nf6 5. Nc3 O-O 6. Bc4 Bg4
7. h3 Bxf3 8. Qxf3 Nc6 9. O-O-O a6 10. a3 b5 11. Bb3 Na5 12. e5 Nd7 13. exd6
Nxb3+ 14. cxb3 cxd6 15. b4 a5 16. Kd2 axb4 17. axb4 Nb6 18. Ke2 Qc7 19. Ke1 Qc4
20. Qb7 Qxb4 21. Kf1 Qxb2 0-1

[Event "Bavaria Donaucup 2017"]
[Site "Regensburg"]
[Date "2017.05.27"]
[Round "6.16"]
[White "Bruell, Martin"]
[Black "Brack, Andre"]
[Result "0-1"]
[WhiteElo "1835"]
[BlackElo "1635"]
[PlyCount "80"]
[EventDate "2017.??.??"]
[WhiteTeam "SC Bav Regensburg"]
[BlackTeam "Regensburg RT"]

1. e4 c5 2. Nf3 d6 3. d4 cxd4 4. Nxd4 Nc6 5. Be3 g6 6. Nc3 Bg7 7. Bc4 Nf6 8. f3
e6 9. Ndb5 Ke7 10. f4 a6 11. Bb6 Qd7 12. Qxd6+ Qxd6 13. Nxd6 Nd7 14. Nxc8+
Rhxc8 15. Bf2 Nb4 16. Bb3 Bxc3+ 17. bxc3 Rxc3 18. Kd2 Rc7 19. Bh4+ Ke8 20. c3
Nc6 21. f5 Nc5 22. Bc2 Ne5 23. fxg6 hxg6 24. Rac1 Rd7+ 25. Ke2 b5 26. Bf2 Rc8
27. Bd4 Nc4 28. Bxc5 Rxc5 29. a4 Rd2+ 30. Kf3 Ne5+ 31. Kf4 g5+ 32. Ke3 Rxg2 33.
Kd4 Nd7 34. Bd3 Ra2 35. axb5 axb5 36. Rb1 Ra3 37. Bxb5 Raxc3 38. e5 Ke7 39. Rb4
Nxe5 40. Ra1 Nf3+ 0-1

[Event "Bavaria Donaucup 2017"]
[Site "Regensburg"]
[Date "2017.05.27"]
[Round "6.17"]
[White "Sammet, Dominik"]
[Black "Glaser, Max"]
[Result "0-1"]
[WhiteElo "1803"]
[BlackElo "1590"]
[PlyCount "78"]
[EventDate "2017.??.??"]
[WhiteTeam "SC Bav Regensburg"]
[BlackTeam "SC Furth Waldm."]

1. e4 e5 2. Nf3 Nf6 3. d4 Nxe4 4. Bd3 d5 5. Nxe5 Bd6 6. O-O O-O 7. c4 c6 8. Nc3
Nxc3 9. bxc3 Bxe5 10. dxe5 dxc4 11. Bxc4 Qe7 12. Re1 Be6 13. Bxe6 Qxe6 14. Rb1
b6 15. Rb2 Qe7 16. Rbe2 Na6 17. Re3 Qe6 18. Qe2 Nc7 19. Rd3 Rad8 20. Ba3 c5 21.
Re3 Nd5 22. Rf3 Rfe8 23. c4 Nc7 24. Bb2 Rd7 25. Rd3 Red8 26. Red1 h6 27. Qc2
Qf5 28. Rxd7 Rxd7 29. Qe2 Qe6 30. Rxd7 Qxd7 31. h3 Qf5 32. Qd1 Ne6 33. a4 Qe4
34. Qf1 Qc2 35. Bc1 Qxa4 36. f4 Nd4 37. Be3 Nf5 38. Bf2 Qb3 39. Qe2 Ng3 0-1

[Event "Bavaria Donaucup 2017"]
[Site "Regensburg"]
[Date "2017.05.27"]
[Round "6.18"]
[White "Blanter, Sofya"]
[Black "Landstorfer, Raphael"]
[Result "1-0"]
[WhiteElo "1746"]
[BlackElo "1799"]
[PlyCount "77"]
[EventDate "2017.??.??"]
[WhiteTeam "SC Bav Regensburg"]
[BlackTeam "TSV Kar-Lappersdorf"]

1. d4 d5 2. c4 c6 3. Nf3 Nf6 4. Nc3 dxc4 5. a4 Bf5 6. e3 e6 7. Bxc4 Bb4 8. O-O
O-O 9. Nh4 Bg4 10. Qb3 Qe7 11. h3 Bh5 12. g3 c5 13. d5 Bxc3 14. bxc3 exd5 15.
Bxd5 Nxd5 16. Qxd5 Be2 17. Re1 Rd8 18. Nf5 Qc7 19. Qg2 Bd3 20. e4 Nc6 21. Bf4
Qa5 22. Rec1 Rd7 23. Ne3 c4 24. Qf3 Re7 25. Qg4 Ne5 26. Bxe5 Rxe5 27. f3 Qb6
28. Re1 Rae8 29. Kh1 h5 30. Qh4 Rxe4 31. fxe4 Rxe4 32. Qg5 f6 33. Qd5+ Kf8 34.
Ng2 Qb2 35. Rac1 Re2 36. Rxe2 Qxc1+ 37. Re1 Qxc3 38. Qd8+ Kf7 39. Qe8# 1-0

[Event "Bavaria Donaucup 2017"]
[Site "Regensburg"]
[Date "2017.05.27"]
[Round "6.19"]
[White "Hessler, Markus"]
[Black "Winter, Reinhold"]
[Result "1-0"]
[WhiteElo "1750"]
[BlackElo "1567"]
[PlyCount "119"]
[EventDate "2017.??.??"]
[WhiteTeam "SF Roding"]
[BlackTeam "SF Neuenkirchen"]

1. c4 Nf6 2. g3 e6 3. Bg2 c6 4. Nf3 d5 5. b3 Be7 6. Bb2 Nbd7 7. O-O O-O 8. d3
dxc4 9. dxc4 Ne8 10. Qc2 Bf6 11. Nc3 Nc7 12. Rfd1 Qe7 13. Nd2 g6 14. Nde4 Bg7
15. Qc1 f5 16. Ba3 c5 17. Nd6 Rb8 18. Bb2 Be5 19. Ncb5 Bxb2 20. Qxb2 Nxb5 21.
cxb5 Qf6 22. Qa3 Qe5 23. Qxa7 Qxe2 24. Nxc8 Rfxc8 25. Rxd7 Qxb5 26. Qa4 Qxa4
27. bxa4 b6 28. Rc1 Rd8 29. Rcd1 Rxd7 30. Rxd7 e5 31. Bd5+ Kh8 32. Ra7 e4 33.
Ra8 Rxa8 34. Bxa8 Kg7 35. Kf1 Kf6 36. Ke2 Ke5 37. Ke3 g5 38. f4+ exf3 39. Bxf3
f4+ 40. gxf4+ gxf4+ 41. Kd3 h6 42. Kc4 Kd6 43. Kb5 Ke5 44. a5 bxa5 45. Kxc5 a4
46. Kb4 Kd4 47. Kxa4 Ke3 48. Bc6 f3 49. Kb4 f2 50. Bb5 h5 51. a4 Kf3 52. Bf1
Ke3 53. a5 Kd2 54. a6 Ke1 55. Bg2 f1=Q 56. Bxf1 Kxf1 57. a7 Kg2 58. h4 Kg3 59.
a8=Q Kxh4 60. Qh1+ 1-0

[Event "Bavaria Donaucup 2017"]
[Site "Regensburg"]
[Date "2017.05.27"]
[Round "6.20"]
[White "Oberhofer, Marie"]
[Black "Ott, Ian"]
[Result "1/2-1/2"]
[WhiteElo "1676"]
[BlackElo "1747"]
[PlyCount "54"]
[EventDate "2017.??.??"]
[WhiteTeam "SC Bav Regensburg"]
[BlackTeam "SC Bav Regensburg"]

1. e4 c5 2. Nf3 d6 3. d4 cxd4 4. Nxd4 Nf6 5. Nc3 a6 6. f4 e6 7. Qf3 Be7 8. g4
Qc7 9. g5 Nfd7 10. Be3 b5 11. a3 Bb7 12. O-O-O Nc6 13. Qh5 Nxd4 14. Bxd4 e5 15.
Be3 exf4 16. Bxf4 O-O 17. Nd5 Bxd5 18. exd5 Ne5 19. Bh3 a5 20. Rd4 g6 21. Qh6
f5 22. gxf6 Bxf6 23. Bxe5 Bxe5 24. Be6+ Kh8 25. Rh4 Qg7 26. Qxg7+ Kxg7 27. Rg4
Rf4 1/2-1/2

[Event "Bavaria Donaucup 2017"]
[Site "Regensburg"]
[Date "2017.05.27"]
[Round "6.21"]
[White "Brassat, Juergen"]
[Black "Zeitler, Juergen"]
[Result "0-1"]
[WhiteElo "1662"]
[BlackElo "1439"]
[PlyCount "84"]
[EventDate "2017.??.??"]
[WhiteTeam "DJK Regensburg Nord"]
[BlackTeam "DJK Amberg"]

1. d4 d5 2. c4 e6 3. Nf3 Nf6 4. g3 Be7 5. Bg2 c6 6. O-O O-O 7. Nc3 Nbd7 8. b3
dxc4 9. bxc4 Nb6 10. Ne5 Nfd7 11. Nxd7 Bxd7 12. Qd3 Bc8 13. Bb2 Qc7 14. Rac1
Rd8 15. e4 e5 16. d5 Bg4 17. h3 Bh5 18. g4 Bg6 19. Qe2 Nd7 20. Rfd1 Nc5 21. Qf3
Rd6 22. Qg3 Bg5 23. Rb1 Bf4 24. Qf3 Rf6 25. Qe2 Rd8 26. Ba3 Qa5 27. Bb4 Qb6 28.
Kh1 a5 29. Bxc5 Qxc5 30. Rxb7 Bg5 31. f3 h5 32. Na4 Qa3 33. Qc2 Rxf3 34. Rb3
Rxb3 35. axb3 cxd5 36. cxd5 hxg4 37. hxg4 Qd6 38. Qc3 Qd7 39. Qxe5 Qxg4 40. Qd4
Bxe4 41. Bxe4 Qh3+ 42. Kg1 Be3+ 0-1

[Event "Bavaria Donaucup 2017"]
[Site "Regensburg"]
[Date "2017.05.27"]
[Round "6.22"]
[White "Banellis, Lukas"]
[Black "Krupke, Hardi"]
[Result "1-0"]
[WhiteElo "1588"]
[BlackElo "1602"]
[PlyCount "95"]
[EventDate "2017.??.??"]
[WhiteTeam "SF Roding"]
[BlackTeam "SG Neumünster"]

1. e4 e6 2. d4 d5 3. Nd2 Nf6 4. e5 Nfd7 5. Bd3 c5 6. c3 Nc6 7. Ngf3 cxd4 8.
cxd4 Qb6 9. O-O Nxd4 10. Nxd4 Qxd4 11. Nf3 Qb6 12. Qa4 Qb4 13. Qc2 g6 14. Qe2
Bg7 15. Bd2 Qg4 16. Rfe1 Nc5 17. h3 Qh5 18. Kh2 Bxe5+ 19. Nxe5 Qxe2 20. Bxe2 a6
21. Rac1 Ne4 22. Be3 f6 23. Nd3 O-O 24. Nc5 Nd6 25. Bg4 f5 26. Bf3 Rd8 27. Bd4
Re8 28. Nd3 Bd7 29. Ne5 Bb5 30. b3 Rac8 31. a4 Bc6 32. Re2 Nf7 33. Rec2 Nxe5
34. Bxe5 Bd7 35. Rxc8 Rxc8 36. Rxc8+ Bxc8 37. Kg1 Bd7 38. Kf1 Kf7 39. Ke2 g5
40. Ke3 Kg6 41. Kd4 b6 42. Be2 b5 43. axb5 axb5 44. Kc5 f4 45. Bd3+ Kh6 46.
Bxb5 Bc8 47. Kd6 Bb7 48. Kc7 1-0

[Event "Bavaria Donaucup 2017"]
[Site "Regensburg"]
[Date "2017.05.27"]
[Round "6.23"]
[White "Boehm, Tobias"]
[Black "Thamm, Felix"]
[Result "1/2-1/2"]
[WhiteElo "1340"]
[BlackElo "1619"]
[PlyCount "44"]
[EventDate "2017.??.??"]
[WhiteTeam "Post Regensburg"]
[BlackTeam "Post Regensburg"]

1. d4 Nf6 2. Nf3 c6 3. c4 d5 4. Bf4 Bf5 5. e3 e6 6. Be2 Bb4+ 7. Nbd2 Nbd7 8.
O-O b6 9. a3 Be7 10. Ne5 Nxe5 11. Bxe5 O-O 12. Bxf6 Bxf6 13. b4 c5 14. bxc5
bxc5 15. Nf3 cxd4 16. Nxd4 Bxd4 17. Qxd4 dxc4 18. Qxc4 Rc8 19. Rad1 Rxc4 20.
Rxd8 Rxd8 21. Bxc4 h6 22. Bb3 Rd3 1/2-1/2

[Event "Bavaria Donaucup 2017"]
[Site "Regensburg"]
[Date "2017.05.27"]
[Round "6.24"]
[White "Erhard, Walter sen"]
[Black "Kutschera, Reinhardt"]
[Result "1/2-1/2"]
[WhiteElo "1319"]
[BlackElo "1392"]
[PlyCount "128"]
[EventDate "2017.??.??"]
[WhiteTeam "SC Bav Regensburg"]
[BlackTeam "DJK Regensburg Nord"]

1. d4 Nf6 2. c4 g6 3. Nf3 Bg7 4. g3 O-O 5. Bg2 d6 6. O-O c6 7. Nc3 a6 8. h3 b5
9. Nd2 Ra7 10. b3 Qb6 11. e3 Be6 12. cxb5 axb5 13. Nce4 Nbd7 14. Bb2 Bd5 15.
Qc2 b4 16. Nxf6+ Nxf6 17. e4 Be6 18. e5 dxe5 19. dxe5 Nd7 20. Nf3 Bd5 21. Rfe1
e6 22. Nd2 Ra5 23. Nc4 Bxc4 24. Qxc4 Bxe5 25. Re2 Bxg3 26. Qxc6 Qa7 27. Qf3 Bd6
28. Rd2 Bc5 29. Qf4 f6 30. Bd4 Bxd4 31. Qxd4 Nc5 32. Rc1 e5 33. Bd5+ Kg7 34.
Qxb4 Rd8 35. Qc4 Qd7 36. b4 Ne4 37. Qxe4 Rxd5 38. Rxd5 Qxd5 39. Qxd5 Rxd5 40.
Rc5 Rd1+ 41. Kg2 Rd2 42. a4 e4 43. Kf1 Ra2 44. a5 Ra4 45. Rc4 f5 46. Kg2 g5 47.
Rc7+ Kg6 48. Rc6+ Kh5 49. Rc5 f4 50. Rc4 e3 51. fxe3 fxe3 52. Kf3 Ra3 53. Re4
Rb3 54. a6 h6 55. a7 Ra3 56. Re7 Kh4 57. b5 Kxh3 58. b6 g4+ 59. Kf4 g3 60. Rxe3
Rxe3 61. Kxe3 g2 62. a8=Q g1=Q+ 63. Ke2 Qxb6 64. Qf3+ Kh4 1/2-1/2

[Event "Bavaria Donaucup 2017"]
[Site "Regensburg"]
[Date "2017.05.28"]
[Round "7.1"]
[White "Hendriks, Willy"]
[Black "Loos, Roland"]
[Result "1/2-1/2"]
[WhiteElo "2385"]
[BlackElo "2373"]
[PlyCount "86"]
[EventDate "2017.??.??"]
[WhiteTeam "SG Bochum"]
[BlackTeam "Post Regensburg"]

1. e4 e6 2. d4 d5 3. e5 c5 4. c3 Nc6 5. Nf3 Bd7 6. Be2 Nge7 7. O-O cxd4 8. cxd4
Nf5 9. Nc3 a6 10. a3 Rc8 11. Rb1 b5 12. Kh1 Qb6 13. Be3 Be7 14. Bd3 Nxe3 15.
fxe3 b4 16. Ne2 Na5 17. Nf4 Bb5 18. axb4 Nc6 19. Bxb5 Qxb5 20. Qe1 g6 21. Qg3
h6 22. Ng1 Bxb4 23. Nge2 Ne7 24. Qh3 Rc2 25. Ng3 Bd2 26. Nxe6 fxe6 27. Qxe6 Rh7
28. Qf6 Bxe3 29. e6 Kd8 30. Qe5 Bf2 31. Qf4 Bxg3 32. Qxg3 Ke8 33. h3 Re2 34.
Rf6 Qb6 35. Rbf1 Rxe6 36. Rf8+ Kd7 37. Rb8 Qc7 38. Qb3 Nf5 39. Rb7 Ng3+ 40. Kg1
Ne2+ 41. Kh1 Ng3+ 42. Kg1 Ne2+ 43. Kh1 Ng3+ 1/2-1/2

[Event "Bavaria Donaucup 2017"]
[Site "Regensburg"]
[Date "2017.05.28"]
[Round "7.2"]
[White "Oberhofer, Cedric"]
[Black "Plank, Michael"]
[Result "1-0"]
[WhiteElo "2167"]
[BlackElo "2030"]
[PlyCount "75"]
[EventDate "2017.??.??"]
[WhiteTeam "SC Bav Regensburg"]
[BlackTeam "TSV Nittenau"]

1. e4 c5 2. Nf3 e6 3. d4 cxd4 4. Nxd4 a6 5. Bd3 Qc7 6. O-O Bc5 7. Nb3 Be7 8.
Qg4 g6 9. Nc3 d6 10. Qe2 Nd7 11. Be3 b6 12. Rad1 Bb7 13. h3 h5 14. f4 Ngf6 15.
Rf2 b5 16. a3 Rc8 17. Bd4 e5 18. Be3 Qb8 19. Rdf1 Rh7 20. Qd2 Qa8 21. fxe5 dxe5
22. Bg5 Nxe4 23. Nxe4 Bxe4 24. Bxe4 Qxe4 25. Bxe7 Kxe7 26. Rxf7+ Rxf7 27. Rxf7+
Kxf7 28. Qxd7+ Kf6 29. Qxc8 Qe3+ 30. Kf1 Qf4+ 31. Kg1 Qe3+ 32. Kh1 Qe1+ 33. Kh2
h4 34. Qf8+ Kg5 35. Qf3 e4 36. Qg4+ Kh6 37. Nd4 e3 38. Nf3 1-0

[Event "Bavaria Donaucup 2017"]
[Site "Regensburg"]
[Date "2017.05.28"]
[Round "7.3"]
[White "Schmid, Roland"]
[Black "Kangas, Lauri"]
[Result "1-0"]
[WhiteElo "2200"]
[BlackElo "1999"]
[PlyCount "83"]
[EventDate "2017.??.??"]
[WhiteTeam "Post Regensburg"]
[BlackTeam "Pässi"]

1. Nf3 {[%emt 0:00:00]} d5 2. d4 Nf6 3. c4 c6 4. Nc3 e6 5. Bg5 Nbd7 6. cxd5
exd5 7. e3 Be7 8. Bd3 Nf8 9. Qc2 Ne6 10. Bh4 g6 11. O-O Ng7 12. b4 a6 13. Rab1
O-O 14. Na4 Bf5 15. Nc5 b6 16. Na4 Bxd3 17. Qxd3 Nf5 18. Bxf6 Bxf6 19. Rfc1 b5
20. Nc5 Nd6 21. a4 a5 22. axb5 cxb5 23. bxa5 Rxa5 24. Ne5 Ra2 25. Qb3 Ra8 26.
Qxd5 Bxe5 27. Qxe5 Re8 28. Qd5 Qe7 29. h3 Ra3 30. Ra1 Rea8 31. Qxa8+ Rxa8 32.
Rxa8+ Kg7 33. Rca1 Nc4 34. R1a7 Qf6 35. Rb8 g5 36. Rxb5 g4 37. hxg4 Qh4 38.
Ne6+ Kf6 39. Nf4 Qxg4 40. Nh5+ Ke6 41. Ra6+ Nd6 42. Re5+ 1-0

[Event "Bavaria Donaucup 2017"]
[Site "Regensburg"]
[Date "2017.05.28"]
[Round "7.4"]
[White "Goldbeck, Lars"]
[Black "Disterheft, David"]
[Result "1-0"]
[WhiteElo "2107"]
[BlackElo "1972"]
[PlyCount "79"]
[EventDate "2017.??.??"]
[WhiteTeam "SC Vaterstetten"]
[BlackTeam "SC Bav Regensburg"]

1. d4 Nf6 2. c4 g6 3. f3 Bg7 4. e4 d6 5. Ne2 O-O 6. Nec3 c5 7. d5 a6 8. a4 e6
9. Be2 exd5 10. cxd5 Nh5 11. Be3 f5 12. f4 fxe4 13. Bxh5 Qh4+ 14. g3 Qxh5 15.
Qxh5 gxh5 16. Nd2 Bf5 17. Kf2 Re8 18. Nc4 Bxc3 19. bxc3 Rd8 20. a5 Nd7 21. Nxd6
Bg6 22. Nc4 Nf6 23. Nb6 Nxd5 24. Nxa8 Rxa8 25. Rac1 c4 26. Rhd1 Bf7 27. Bd4 Re8
28. Re1 Nc7 29. Rb1 Nb5 30. Be5 Bd5 31. Rbd1 Bc6 32. h3 Kf7 33. g4 h4 34. Ke3
Ke6 35. Bd4 Rg8 36. f5+ Kf7 37. Be5 h5 38. Kf4 hxg4 39. hxg4 Re8 40. Re3 1-0

[Event "Bavaria Donaucup 2017"]
[Site "Regensburg"]
[Date "2017.05.28"]
[Round "7.5"]
[White "Uphoff, Lennart"]
[Black "Paajala, Niki"]
[Result "1-0"]
[WhiteElo "2004"]
[BlackElo "1946"]
[PlyCount "65"]
[EventDate "2017.??.??"]
[WhiteTeam "FC Mintraching"]
[BlackTeam "Pässi"]

1. d4 f5 2. g3 Nf6 3. Bg2 g6 4. Nf3 Bg7 5. O-O d6 6. c4 O-O 7. Nc3 Qe8 8. Re1
Qf7 9. e4 fxe4 10. Nxe4 Nxe4 11. Rxe4 Nc6 12. Be3 Bf5 13. Rf4 Qe8 14. c5 Rb8
15. Qb3+ Kh8 16. Ng5 Bf6 17. Rh4 Bxg5 18. Bxg5 Qf7 19. Qc3 d5 20. Re1 Rbe8 21.
Qb3 e5 22. dxe5 Nxe5 23. Be3 Nc4 24. Rxc4 dxc4 25. Qxb7 Qd7 26. Bc6 Rxe3 27.
Rxe3 Qd1+ 28. Kg2 Qh5 29. h4 Qg4 30. Qxc7 Qd4 31. Qe5+ Qxe5 32. Rxe5 Rf6 33.
Bd5 1-0